Real men ride horses : cowboys and indians, outlaws and in-laws, mormons and other strange bedfellows in the pink desert /

Guardat en:
Dades bibliogràfiques
Autor principal: Shakin, Ken (Autor)
Format: Llibre
Idioma:anglès
Publicat: London : GMP, [1999]
Etiquetes: Afegir etiqueta
Sense etiquetes, Sigues el primer a etiquetar aquest registre!

MARC

LEADER 00000nam a22000007i 4500
001 IT\ICCU\UBO\2286411
003 ItRI
005 20260115231824.0
008 030908s1999 xxk|||||| ||||| |||||c
020 |a 0854492852 
040 |b ita  |c importazione bologna sebina 
041 7 |a eng  |2 ISO-639-2 
100 1 |a Shakin, Ken  |0 IT\ICCU\UBOV\825637  |4 aut 
245 1 0 |a Real men ride horses :  |b cowboys and indians, outlaws and in-laws, mormons and other strange bedfellows in the pink desert /  |c Ken Shakin. 
260 |a London :  |b GMP,  |c [1999] 
300 |a 148 p. ;  |c 20 cm. 
942 |2 ddc  |c BK  |n 0 
952 |0 0  |1 0  |4 0  |6 DOC_813_540000000000000_SHA  |7 0  |9 13567  |a BO  |b BO  |d 2026-01-15  |i 7592  |l 0  |o DOC 813.54 SHA  |p BO7592  |r 2026-01-15 23:18:24  |w 2026-01-15  |x [Sebina 5] [1 v.]  |y BK  |z 1 v. 
999 |c 11664  |d 11664